مُوطَّأ الإمام مالك / Muwaṭṭaʼ al-Imām Mālik / (Record no. 80819)
[ view plain ]
| 000 -LEADER | |
|---|---|
| fixed length control field | 01031nam a22002173i 4500 |
| 001 - CONTROL NUMBER | |
| control field | 80819 |
| 003 - CONTROL NUMBER IDENTIFIER | |
| rucl marc code | BD-RjUL |
| 005 - DATE AND TIME OF LATEST TRANSACTION | |
| control field | 20221121123601.0 |
| 008 - FIXED-LENGTH DATA ELEMENTS--GENERAL INFORMATION | |
| fixed length control field | 221122s1955 ii ||| | ara d |
| 035 ## - SYSTEM CONTROL NUMBER | |
| System control number | (BD-RjUL)80819 |
| 040 ## - CATALOGING SOURCE | |
| Original cataloging agency | UkOxU |
| Language of cataloging | eng |
| Description conventions | rda |
| Transcribing agency | UkOxU |
| 041 ## - LANGUAGE CODE | |
| Language code of text/sound track or separate title | ara |
| 082 ## - DEWEY DECIMAL CLASSIFICATION NUMBER | |
| Edition number | 23 |
| Classification number | 340.59 |
| Author mark and year | MAK 1955 |
| 245 00 - TITLE STATEMENT | |
| Title | مُوطَّأ الإمام مالك / Muwaṭṭaʼ al-Imām Mālik / |
| Statement of responsibility, etc. | رواية محمد بن الحسن الشيباني. مع التعليق الممجد على مُوطَّأ محمّد / شرح عبد الحيّ اللكنوي ; تعليق وتحقيق تقي الدين الندوي. ## riwāyat Muḥammad ibn al-Ḥasan al-Shaybānī. Maʿa al-taʿlīq al-mumajjid ʿalá muwaṭṭaʼ Muḥammad / sharḥ ʿAbd al-Ḥayy al-Laknawī ; taʿlīq wa-taḥqīq Taqī al-Dīn al-Nadwī. |
| 264 #1 - PRODUCTION, PUBLICATION, DISTRIBUTION, MANUFACTURE, AND COPYRIGHT NOTICE | |
| Place of production, publication, distribution, manufacture | Dewand : |
| Name of producer, publisher, distributor, manufacturer | Tutub khana ajijiah, |
| Date of production, publication, distribution, manufacture, or copyright notice | 1955 |
| 300 ## - PHYSICAL DESCRIPTION | |
| Pagination | 392 p.; |
| Size | 27 cm |
| 600 ## - SUBJECT ADDED ENTRY--PERSONAL NAME | |
| Personal name | Muwaṭṭaʼ (Mālik ibn Anas) |
| 650 ## - SUBJECT ADDED ENTRY--TOPICAL TERM | |
| Topical term or geographic name as entry element | Islamic law |
| Topical term or geographic name as entry element | Hadith |
| 942 ## - ADDED ENTRY ELEMENTS (KOHA) | |
| Source of classification or shelving scheme | Dewey Decimal Classification |
| Koha item type | Books |
| Lost status | Source of classification or shelving scheme | Damaged status | Not for loan | Collection code | Permanent Location | Current Location | Shelving location | Date acquired | Source of acquisition | Total Checkouts | Full call number | Date last seen | Copy number | Koha item type |
|---|---|---|---|---|---|---|---|---|---|---|---|---|---|---|
| Dewey Decimal Classification | Not For Loan | Non-fiction | Central Library, University of Rajshahi | Central Library, University of Rajshahi | Reading Room | 13/10/1973 | Quan manjil, Rajshahi | A 340.59 MAK 1955 | 21/11/2022 | C-1 | Books |